A nő éryelmi világa
Fejtón.
| Médium: | Článok |
|---|---|
| Jazyk: | Hungarian |
| Témy: | |
| Zdroj: |
1. Felvidéki Hirlap 1. Roč. 7, č. 17 (31.05.1914) s. 1 a 2 |
| LEADER | 00695nab#a2200301#ar4500 | ||
|---|---|---|---|
| 001 | 000074473 | ||
| 003 | SVKKK | ||
| 005 | 20041220xxxxxxx. | ||
| 008 | 06 c xo huno | ||
| FMT | |||
| 038 | |a SVKKK | ||
| 040 | |a SVKKK |b slo |e AACR2 | ||
| 041 | 0 | |a hun | |
| 044 | |a xo |c SK | ||
| 080 | |a 894.511(437.6)-9 | ||
| 242 | 1 | 0 | |a Citový život ženy |
| 245 | 0 | 0 | |a A nő éryelmi világa |
| 500 | |a mikrofilm | ||
| 520 | 2 | |a Fejtón. | |
| 650 | 0 | 4 | |a fejtóny - literatúra maďarská - texty |
| 773 | 0 | |t Felvidéki Hirlap |g Roč. 7, č. 17 (31.05.1914) s. 1 a 2 | |
| 957 | |a ? | ||
| 958 | |a DG | ||
| 958 | |a SK | ||
| 974 | |a Ba |d 20041220 | ||
| 992 | |a RBX | ||
| BAS | |||
| 998 | |a RETRO | ||